| 000 | 00428nam a2200145Ia 4500 | ||
|---|---|---|---|
| 005 | 20240821155717.0 | ||
| 008 | 240821s9999||||xx |||||||||||||| ||und|| | ||
| 082 | _a784.4954 PAT | ||
| 100 | _aPathak, Durga | ||
| 245 | 0 | _aChhatteesgarhi avam bundelee ke lok geeton ka tulnatmak adhyayan | |
| 260 |
_aAllahabad _bSahitya Sangam _c1994 |
||
| 300 | _a468p. | ||
| 650 | _aArts, Crafts, Music, Sports And Recreations | ||
| 942 | _cBK | ||
| 999 |
_c128161 _d128161 |
||